000 00668nam a2200253 u 4500
001 000057879
005 20200120223814.0
008 130624s2007 sp gr 000 f spa d
020 _a8424112997
041 0 _a|spa
043 _ae-sp---
090 _aJN
_bPELJ
100 1 _aPellón, Jose,
245 1 0 _aCon el diablo en los talones /
_cJose Pellón.
250 _a2a. ed.
260 _aLeón (España) :
_bEverest,
_c2007.
300 _a166 p. :.
490 0 _aPunto de encuentro
650 1 4 _aNovela juvenil
650 2 4 _aLiteratura juvenil
650 2 4 _aLiteratura española
650 2 4 _aDrogas en la literatura
650 2 4 _aJóvenes en la literatura
999 _c7140
_d7140